| 000 | 00633nam a2200193 i 4500 | ||
|---|---|---|---|
| 001 | 34220 | ||
| 003 | ES-MaACL | ||
| 005 | 20251108153258.0 | ||
| 007 | t| | ||
| 008 | 030204s1913 fr ||||1| spa d | ||
| 100 | 1 |
_aBlanco Fombona, Rufino, _d1874-1944 _929251 |
|
| 245 | 1 | 0 |
_aCuentos americanos _b: (dramas mínimos) / _cRufino Blanco-Fombona ; juicios críticos de Henri Barbusse y J. Ernest-Charles. |
| 260 |
_aParis : _bGarniez, _c1913. |
||
| 300 |
_aXXIII, 246 p. ; _c18 cm. |
||
| 700 | 1 |
_aBarbusse, Henri, _d1873-1935 _925487 |
|
| 700 | 1 |
_aErnest-Charles, J. _947414 |
|
| 852 |
_aES-MaACL _jD-5164 |
||
| 999 |
_c34220 _d34220 |
||